00495 2200205 4500001002100000005001500021035002000036008004100056245004400097260004000141300002700181082000800208650001000216084001400226990001000240990001000250990001000260990001000270990000900280INLIS00000000000000920231121103403 a0010-1123000009231121 0 ind  aDetak Hati Yang Terpanggil /cFitri NH. aBandung :bWiyata Purnakarya,c1996 a114 hlm; ilus ;c21 cm a813 4aFiksi a813 FIT d a1.060 a1.061 a1.062 a1.063 a6542